| 000 | 00487pam a2200193 a 4500 | ||
|---|---|---|---|
| 020 | _a006046111X | ||
| 040 | _cDLC | ||
| 082 | 0 | 0 | _a301 HAR 1989 A074 Or. |
| 100 | 1 | _aSherman, Howard J. | |
| 245 | 1 | 0 | _aSociology, traditional and radical perspectives / |
| 250 | _a2nd ed. | ||
| 260 |
_aNew York : _bHarper & Row, _cc1989. |
||
| 300 |
_axxiii, 417 p. ; _c24 cm. |
||
| 650 | 0 | _aSociology. | |
| 650 | 0 | _aRadicalism. | |
| 650 | 0 | _aSociology | |
| 700 | 1 | _aWood, James L., | |
| 942 | _cEK | ||
| 999 |
_c15175 _d15175 |
||